Hun leh hunbite khendikna (Record no. 7619)

MARC details
000 -LEADER
fixed length control field 00399nam a22001697a 4500
003 - CONTROL NUMBER IDENTIFIER
control field GBCCL
005 - DATE AND TIME OF LATEST TRANSACTION
control field 20241126110632.0
008 - FIXED-LENGTH DATA ELEMENTS--GENERAL INFORMATION
fixed length control field 180824b ||||| |||| 00| 0 eng d
040 ## - CATALOGING SOURCE
Transcribing agency gbc
082 ## - DEWEY DECIMAL CLASSIFICATION NUMBER
Classification number VER 236
Item number TAI
100 ## - MAIN ENTRY--PERSONAL NAME
Personal name Taivel, H
9 (RLIN) 13374
245 ## - TITLE STATEMENT
Title Hun leh hunbite khendikna
260 ## - PUBLICATION, DISTRIBUTION, ETC.
Place of publication, distribution, etc. Imphal:
Name of publisher, distributor, etc. Author,
Date of publication, distribution, etc. 1991
300 ## - PHYSICAL DESCRIPTION
Extent 145p. ;
650 ## - SUBJECT ADDED ENTRY--TOPICAL TERM
Topical term or geographic name entry element Eschatology
9 (RLIN) 2009
942 ## - ADDED ENTRY ELEMENTS (KOHA)
Source of classification or shelving scheme Dewey Decimal Classification
Koha item type Books
Holdings
Withdrawn status Lost status Source of classification or shelving scheme Damaged status Not for loan Home library Current Library Shelving location Date acquired Total checkouts Full call number Barcode Date last seen Copy number Price effective from Koha item type
    Dewey Decimal Classification     GRACE BIBLE COLLEGE GRACE BIBLE COLLEGE Vernacular 2018-09-04   VER 236 TAI 003363 2025-05-01 c.1 2018-09-04 Books
© Grace Bible College Library 2025